| 000 | 00819cam a22002774a 4500 | ||
|---|---|---|---|
| 001 | 12709188 | ||
| 005 | 20180308035526.0 | ||
| 008 | 020318s2003 nyua b 001 0 eng | ||
| 010 | _a 2002004364 | ||
| 020 | _a0766825086 (soft cover/CDROM) | ||
| 035 | _a(DNLM)101140781 | ||
| 040 |
_aDLC _cDLC _dDLC |
||
| 041 | _aeng | ||
| 042 | _apcc | ||
| 060 | 1 | 0 |
_a362.173 _bN974745 2003 |
| 080 | _a362.173 | ||
| 082 | 0 | 0 |
_a362.173 HEI _221 |
| 100 | 1 | _a53 | |
| 101 | _aMNG | ||
| 245 | 1 | 0 |
_aNursing leadership & management / _cPatricia Kelly-Heidenthal. |
| 246 | 3 | _aNursing leadership and management | |
| 504 | _aIncludes bibliographical references and index. | ||
| 906 |
_a7 _bcbc _corignew _d1 _eecip _f20 _gy-gencatlg |
||
| 942 |
_2ddc _cBK |
||
| 999 |
_c44398 _d44398 |
||